<?xml version="1.0" encoding="UTF-8"?>
<record
    xmlns:xsi="http://www.w3.org/2001/XMLSchema-instance"
    xsi:schemaLocation="http://www.loc.gov/MARC21/slim http://www.loc.gov/standards/marcxml/schema/MARC21slim.xsd"
    xmlns="http://www.loc.gov/MARC21/slim">

  <leader>00951nam a22002057a 4500</leader>
  <controlfield tag="005">20240821162521.0</controlfield>
  <datafield tag="010" ind1=" " ind2=" ">
    <subfield code="a">HIN-128248</subfield>
  </datafield>
  <datafield tag="020" ind1=" " ind2=" ">
    <subfield code="a">9789391317317</subfield>
    <subfield code="c">350.00</subfield>
  </datafield>
  <datafield tag="035" ind1=" " ind2=" ">
    <subfield code="a">HN-100594</subfield>
  </datafield>
  <datafield tag="037" ind1=" " ind2=" ">
    <subfield code="b">DBAD</subfield>
  </datafield>
  <datafield tag="082" ind1=" " ind2=" ">
    <subfield code="a">&#x915; </subfield>
  </datafield>
  <datafield tag="100" ind1=" " ind2=" ">
    <subfield code="a">&#x915;&#x94C;&#x936;&#x93F;&#x915;, &#x915;&#x941;&#x92C;&#x947;&#x930; &#x926;&#x924;&#x94D;&#x924; </subfield>
    <subfield code="9">70375</subfield>
  </datafield>
  <datafield tag="245" ind1=" " ind2=" ">
    <subfield code="a">&#x916;&#x923;&#x94D;&#x921;&#x939;&#x930;...:</subfield>
    <subfield code="b">&#x915;&#x939;&#x93E;&#x928;&#x940; &#x938;&#x902;&#x917;&#x94D;&#x930;&#x939;/</subfield>
    <subfield code="c">&#x915;&#x941;&#x92C;&#x947;&#x930; &#x926;&#x924;&#x94D;&#x924; &#x915;&#x94C;&#x936;&#x93F;&#x915; </subfield>
  </datafield>
  <datafield tag="250" ind1=" " ind2=" ">
    <subfield code="a">&#x92A;&#x94D;&#x930;&#x925;&#x92E; </subfield>
  </datafield>
  <datafield tag="260" ind1=" " ind2=" ">
    <subfield code="a">&#x928;&#x94B;&#x90F;&#x921;&#x93E; </subfield>
    <subfield code="b">JAI3E Books &amp; Publishing</subfield>
    <subfield code="c">2023</subfield>
  </datafield>
  <datafield tag="270" ind1=" " ind2=" ">
    <subfield code="a">&#x91C;&#x940;&#x924;&#x947;&#x928;&#x94D;&#x926;&#x94D;&#x930; &#x906;&#x928;&#x928;&#x94D;&#x926; &#x907;&#x928;&#x94D;&#x92B;&#x94D;&#x930;&#x93E;&#x91F;&#x947;&#x915; &#x92A;&#x94D;&#x930;&#x93E;&#x907;&#x935;&#x947;&#x91F; &#x932;&#x93F;&#x92E;&#x93F;&#x91F;&#x947;&#x921; ,2203,&#x90F;&#x915;&#x94D;&#x938;&#x92A;&#x94D;&#x930;&#x947;&#x938; &#x91F;&#x94D;&#x930;&#x947;&#x921; &#x91F;&#x93E;&#x935;&#x930;-2, &#x938;&#x947;&#x915;&#x94D;&#x91F;&#x930;-132 </subfield>
    <subfield code="b">&#x928;&#x94B;&#x90F;&#x921;&#x93E; </subfield>
    <subfield code="e">201304</subfield>
    <subfield code="m">jai3e.wordpress.com</subfield>
  </datafield>
  <datafield tag="300" ind1=" " ind2=" ">
    <subfield code="a">246 &#x92A;&#x943;.</subfield>
    <subfield code="c">22 &#x938;&#x947;&#x92E;&#x940; (&#x906;&#x91C;&#x93F;&#x932;&#x94D;&#x926;)</subfield>
  </datafield>
  <datafield tag="650" ind1=" " ind2=" ">
    <subfield code="a">&#x939;&#x93F;&#x928;&#x94D;&#x926;&#x940;</subfield>
    <subfield code="9">70376</subfield>
  </datafield>
  <datafield tag="942" ind1=" " ind2=" ">
    <subfield code="a">dpl</subfield>
    <subfield code="c">HN</subfield>
    <subfield code="2">ddc</subfield>
    <subfield code="h">&#x915; </subfield>
    <subfield code="m">&#x915;&#x94C;&#x936;&#x93F;&#x915; </subfield>
  </datafield>
  <datafield tag="999" ind1=" " ind2=" ">
    <subfield code="c">205139</subfield>
    <subfield code="d">205139</subfield>
  </datafield>
  <datafield tag="952" ind1=" " ind2=" ">
    <subfield code="0">0</subfield>
    <subfield code="1">0</subfield>
    <subfield code="4">0</subfield>
    <subfield code="7">0</subfield>
    <subfield code="8">FIC</subfield>
    <subfield code="a">BL1</subfield>
    <subfield code="b">BL1</subfield>
    <subfield code="d">2024-08-21</subfield>
    <subfield code="e">DBAD </subfield>
    <subfield code="g">350.00</subfield>
    <subfield code="l">1</subfield>
    <subfield code="m">2</subfield>
    <subfield code="o">&#x915; &#x915;&#x94C;&#x936;&#x93F;&#x915; </subfield>
    <subfield code="p">HN-100594</subfield>
    <subfield code="r">2024-10-26 00:00:00</subfield>
    <subfield code="s">2024-09-28</subfield>
    <subfield code="t">1</subfield>
    <subfield code="v">350.00</subfield>
    <subfield code="w">2024-08-21</subfield>
    <subfield code="y">HN</subfield>
  </datafield>
</record>
